[Event "Volga_2013"]
[Site "Ulyanovsk"]
[Date "2014.01.04"]
[Round "3"]
[White "Kolosov, Anatoly"]
[Black "Yakimkin, Igor"]
[Result "0-1"]
[WhiteElo "1918"]
[BlackElo "2242"]
[PlyCount "90"]
[EventDate "2014.01.03"]
[EventRounds "9"]
[EventCountry "RUS"]

1. e4 c5 2. Nf3 Nc6 3. d4 cxd4 4. Nxd4 Nf6 5. Nc3 e5 6. Nb3 Bb4 7. Bd3 d5 8.
exd5 Nxd5 9. Bd2 Nxc3 10. bxc3 Bd6 11. c4 Qe7 12. O-O O-O 13. Be4 f5 14. Bd5+
Kh8 15. Qh5 Bd7 16. Bg5 Qe8 17. Qh4 Qg6 18. f3 f4 19. c5 Bc7 20. Rad1 Rae8 21.
Be4 Bf5 22. Rd7 Bxe4 23. Rxc7 Bxc2 24. Rxb7 Rf5 25. Be7 Rh5 26. Qg4 Nxe7 27.
Qd7 Bf5 28. Qd6 Qg5 29. Qxe5 Qh4 30. h3 Bc8 31. Qc7 Bxb7 32. Qxb7 Qf6 33. Qd7
Rg8 34. Re1 Re5 35. Rd1 Nc6 36. Rd6 Re1+ 37. Kh2 Qh4 38. Qg4 Qxg4 39. hxg4 Rc8
40. g5 Re5 41. g6 Rh5+ 42. Kg1 Rh6 43. Nd4 Nxd4 44. Rxd4 Rxg6 45. Rxf4 Rgc6 0-1

[Event "Volga_2013"]
[Site "Ulyanovsk"]
[Date "2014.01.04"]
[Round "3"]
[White "Terentiev, Alexander"]
[Black "Chugunov, Vyacheslav"]
[Result "0-1"]
[WhiteElo "1854"]
[BlackElo "1952"]
[PlyCount "84"]
[EventDate "2014.01.03"]
[EventRounds "9"]
[EventCountry "RUS"]

1. d4 c6 2. c4 d5 3. e3 Nf6 4. Nf3 Bg4 5. Be2 e6 6. O-O Nbd7 7. Nc3 Bd6 8. Qb3
Qc7 9. h3 Bxf3 10. Bxf3 dxc4 11. Qxc4 O-O 12. e4 Bf4 13. e5 Bxc1 14. Raxc1 Ne8
15. Be4 Nb6 16. Qd3 g6 17. b4 Qd7 18. a4 Rd8 19. Rfd1 Nc7 20. b5 Ncd5 21. a5
Nxc3 22. Rxc3 Nd5 23. bxc6 bxc6 24. Rc5 Rb8 25. Qd2 Rb5 26. Qc2 Rfb8 27. Qc4
Rb4 28. Qc1 R4b5 29. Rxc6 Rxa5 30. Rd6 Qb7 31. Qh6 Ra6 32. Rb1 Rb6 33. Rbxb6
axb6 34. Qc1 b5 35. Qc5 b4 36. Rc6 b3 37. Bb1 Qb4 38. Rc8+ Rxc8 39. Qxc8+ Kg7
40. Qc1 Qxd4 41. Qe1 Nf4 42. Qe4 Qb2 0-1

[Event "Volga_2013"]
[Site "Ulyanovsk"]
[Date "2014.01.04"]
[Round "3"]
[White "Kharlampiev, Aleksander"]
[Black "Nikonova, Irina"]
[Result "0-1"]
[WhiteElo "1748"]
[BlackElo "1924"]
[PlyCount "60"]
[EventDate "2014.01.03"]
[EventRounds "9"]
[EventCountry "RUS"]

1. e4 c5 2. Nf3 e6 3. Nc3 a6 4. d3 Nc6 5. Bf4 d6 6. Qd2 Be7 7. Be2 Bf6 8. O-O
Nge7 9. Bg5 Ng6 10. Bxf6 Qxf6 11. Ne1 Nf4 12. g3 Nxe2+ 13. Qxe2 Nd4 14. Qe3 Bd7
15. f4 Qe7 16. f5 Bc6 17. b4 exf5 18. bxc5 dxc5 19. Rc1 O-O 20. Nf3 Rad8 21.
Nh4 fxe4 22. Ne2 Nxe2+ 23. Qxe2 Qe5 24. Nf5 g6 25. Qg4 Kh8 26. Nh6 f5 27. Qg5
Qd4+ 28. Rf2 exd3 29. h4 dxc2 30. Kh2 Qxf2+ 0-1

[Event "Volga_2013"]
[Site "Ulyanovsk"]
[Date "2014.01.04"]
[Round "3"]
[White "Schankin, Sergei"]
[Black "Parshakov, Vladimir"]
[Result "0-1"]
[WhiteElo "1682"]
[BlackElo "1918"]
[PlyCount "104"]
[EventDate "2014.01.03"]
[EventRounds "9"]
[EventCountry "RUS"]

1. e4 c5 2. Nf3 e6 3. d4 cxd4 4. Nxd4 a6 5. Nc3 Qc7 6. Be2 Nf6 7. Bf3 Bb4 8.
Bd2 d6 9. O-O Nbd7 10. a3 Bc5 11. Nb3 Ba7 12. Bf4 Ne5 13. Bxe5 dxe5 14. Qe2 Bd7
15. Rad1 O-O 16. g3 b5 17. Rd2 Rab8 18. Rfd1 a5 19. Rd6 a4 20. Nc1 Bd4 21.
R6xd4 exd4 22. Rxd4 Bc6 23. Nd3 Rfd8 24. Qe3 Rxd4 25. Qxd4 Rd8 26. Qb4 Qb7 27.
Nc5 Qb8 28. Kg2 h6 29. h4 Ne8 30. b3 axb3 31. cxb3 Nc7 32. h5 Qa7 33. Ne2 Ra8
34. Nd4 Be8 35. Nc2 Rd8 36. Ne3 Na6 37. Nxa6 Qxa6 38. Be2 Ra8 39. Nc2 Qc6 40.
Ne3 Rc8 41. Qa5 Qxe4+ 42. Bf3 Qd4 43. Qa6 Qc5 44. Ng4 Rd8 45. Qa5 Qd6 46. Ne5
Rb8 47. Ng4 Bc6 48. Ne5 Bxf3+ 49. Nxf3 Qd5 50. Qc3 Qxh5 51. Qc7 Ra8 52. Qe7 Qd5
0-1

[Event "Volga_2013"]
[Site "Ulyanovsk"]
[Date "2014.01.04"]
[Round "3"]
[White "Makarenko, Vladimir"]
[Black "Agapchev, Andrey"]
[Result "1/2-1/2"]
[WhiteElo "1905"]
[BlackElo "1678"]
[PlyCount "104"]
[EventDate "2014.01.03"]
[EventRounds "9"]
[EventCountry "RUS"]

1. e4 e6 2. Qe2 c5 3. g3 Nc6 4. c3 g6 5. Bg2 Bg7 6. f4 d6 7. Nf3 Nge7 8. O-O
O-O 9. d3 Qc7 10. Be3 f5 11. Nbd2 b6 12. Rae1 a5 13. h3 fxe4 14. Nxe4 e5 15.
fxe5 dxe5 16. Nfg5 Bf5 17. g4 Bd7 18. Rxf8+ Rxf8 19. Rf1 Qb8 20. Rxf8+ Qxf8 21.
Qf2 Qxf2+ 22. Kxf2 h6 23. Nf3 Nd5 24. Nh4 Nce7 25. Nd6 Nxe3 26. Kxe3 g5 27.
Nhf5 Bxf5 28. gxf5 h5 29. Be4 Bf6 30. Nc4 Nc8 31. Bf3 b5 32. Nxa5 Nd6 33. Bxh5
Nxf5+ 34. Kf3 b4 35. Bg4 Nh4+ 36. Ke4 Ng6 37. Nc6 bxc3 38. bxc3 Kf8 39. Bf5 Nf4
40. Nxe5 Ne2 41. Nd7+ Ke7 42. Nxf6 Kxf6 43. Bg4 Nxc3+ 44. Ke3 Nxa2 45. Kd2 Nb4
46. Kc3 Nxd3 47. Kxd3 Kg7 48. Kc4 Kh8 49. Kxc5 Kg7 50. Kd5 Kh8 51. Ke5 Kg7 52.
Ke6 Kh8 1/2-1/2

[Event "Volga_2013"]
[Site "Ulyanovsk"]
[Date "2014.01.04"]
[Round "3"]
[White "Sinicin, Vladimir"]
[Black "Belokhlebov, Alexey"]
[Result "0-1"]
[WhiteElo "1675"]
[BlackElo "1893"]
[PlyCount "74"]
[EventDate "2014.01.03"]
[EventRounds "9"]
[EventCountry "RUS"]

1. e4 c5 2. Nf3 Nc6 3. g3 d6 4. Bg2 g6 5. O-O Bg7 6. d3 Nf6 7. Nbd2 O-O 8. Re1
e5 9. Nf1 h6 10. c3 Be6 11. h3 Qd7 12. Kh2 Rab8 13. Be3 Kh7 14. Qe2 b5 15. b3
a5 16. N3d2 Ng8 17. Nf3 f5 18. exf5 gxf5 19. Bd2 b4 20. Rac1 Nf6 21. c4 Rfe8
22. Be3 Bf7 23. Qd2 Nh5 24. Nh4 Be6 25. Bf3 Nf6 26. Bg2 Ne7 27. f4 exf4 28.
Bxf4 Nh5 29. Qe2 Nxf4 30. gxf4 Bf7 31. Qf2 Bh5 32. Nf3 Bc3 33. Re2 Ng6 34. Rxe8
Rxe8 35. Ng3 Nxf4 36. Nxh5 Nxh5 37. Nh4 Be5+ 0-1

[Event "Volga_2013"]
[Site "Ulyanovsk"]
[Date "2014.01.04"]
[Round "3"]
[White "Shukurov, Eldar"]
[Black "Logunova, Elizaveta"]
[Result "1-0"]
[WhiteElo "1797"]
[BlackElo "1642"]
[PlyCount "71"]
[EventDate "2014.01.03"]
[EventRounds "9"]
[EventCountry "RUS"]

1. d4 Nf6 2. e3 c6 3. Bd3 d5 4. f4 e6 5. Nf3 c5 6. c3 Nc6 7. O-O Bd6 8. Ne5 Qc7
9. Nd2 cxd4 10. exd4 Qb6 11. Kh1 Qc7 12. Rf3 g6 13. Rh3 Nh5 14. Ndf3 Ne7 15.
Bb5+ Nc6 16. Qa4 Bd7 17. Nxd7 Qxd7 18. Ne5 Bxe5 19. fxe5 a6 20. Bh6 Rg8 21. Rf1
Rb8 22. Bxc6 Qxc6 23. Qc2 Ng7 24. Qf2 Qd7 25. Qf6 Nh5 26. Qg5 Qd8 27. Rxh5 Qxg5
28. Rxg5 b5 29. b4 Rc8 30. Rg3 Ra8 31. Rgf3 Ra7 32. h4 Rc7 33. Ra1 Rc6 34. a4
bxa4 35. Rxa4 Rh8 36. b5 1-0

[Event "Volga_2013"]
[Site "Ulyanovsk"]
[Date "2014.01.04"]
[Round "3"]
[White "Golubchikov, Alexey"]
[Black "Privezentsev, Alexey S"]
[Result "1-0"]
[WhiteElo "1783"]
[BlackElo "1546"]
[PlyCount "81"]
[EventDate "2014.01.03"]
[EventRounds "9"]
[EventCountry "RUS"]

1. e4 e6 2. f4 d5 3. e5 c5 4. d4 Bd7 5. Nf3 Nc6 6. Bd3 f5 7. O-O Nxd4 8. Nxd4
cxd4 9. a3 a5 10. Nd2 Bc5 11. Nf3 h6 12. Kh1 Ne7 13. b3 Nc6 14. g3 O-O 15. Bb2
Qb6 16. Re1 Be8 17. Ng1 Rc8 18. Qd2 Bh5 19. Be2 Bxe2 20. Rxe2 d3 21. Qxd3 Nd4
22. Rd2 Nc6 23. Ne2 Rfd8 24. Nc3 Qa7 25. Rad1 Rd7 26. Na4 Be3 27. Re2 d4 28.
Rxe3 dxe3 29. Qxd7 Qb8 30. Qxe6+ Kh8 31. Re1 Qc7 32. Rxe3 Nd8 33. Qc4 Qxc4 34.
bxc4 Rxc4 35. Rc3 Rxa4 36. Rc8 Kh7 37. Rxd8 Rc4 38. Rd2 b5 39. Re2 Re4 40. Rxe4
fxe4 41. Kg2 1-0

[Event "Volga_2013"]
[Site "Ulyanovsk"]
[Date "2014.01.04"]
[Round "3"]
[White "Frolova, Marina"]
[Black "Abdurahmanov, Afer"]
[Result "1/2-1/2"]
[WhiteElo "1601"]
[BlackElo "1682"]
[PlyCount "129"]
[EventDate "2014.01.03"]
[EventRounds "9"]
[EventCountry "RUS"]

1. c4 e6 2. Nc3 Ne7 3. g3 Ng6 4. Bg2 Bc5 5. e3 Nc6 6. a3 O-O 7. d4 Be7 8. Nge2
f5 9. O-O Bf6 10. b4 Nce7 11. Qb3 c6 12. Bb2 d5 13. cxd5 exd5 14. Rac1 h5 15.
Rc2 h4 16. Na4 hxg3 17. hxg3 Kf7 18. Nc5 Rh8 19. Nc3 Qg8 20. Rd1 Qh7 21. e4
Qh2+ 22. Kf1 fxe4 23. N3xe4 Bh3 24. Bxh3 Qxh3+ 25. Ke1 Qg2 26. Re2 Rh1+ 27. Kd2
Rah8 28. Nxf6 gxf6 29. Qe3 Rxd1+ 30. Kxd1 Rh1+ 31. Re1 b6 32. Nd3 Rxe1+ 33.
Nxe1 Qe4 34. Qxe4 dxe4 35. Ng2 Nd5 36. Kd2 Ke6 37. Ne3 Nc7 38. a4 f5 39. Ke2 f4
40. Nc4 Nd5 41. Ba3 Nc3+ 42. Kd2 Nxa4 43. gxf4 Nxf4 44. Ke3 Nd3 45. f3 Ne1 46.
fxe4 b5 47. Kd2 Nf3+ 48. Ke3 bxc4 49. Kxf3 Nc3 50. Ke3 Nb5 51. Bc1 Kd6 52. Bb2
Kc7 53. e5 Kd7 54. Ke4 Nc7 55. Bc1 Nd5 56. Ba3 Ke6 57. Kf3 Kf5 58. Ke2 Ke4 59.
Bb2 Nf4+ 60. Kd2 Kd5 61. Ke3 Nd3 62. Bc3 a6 63. Kf3 Nc1 64. Ke3 Na2 65. Kd2
1/2-1/2

[Event "Volga_2013"]
[Site "Ulyanovsk"]
[Date "2014.01.04"]
[Round "4"]
[White "Ulanov, Alexandr"]
[Black "Chesalkin, Vladimir"]
[Result "1-0"]
[WhiteElo "2415"]
[BlackElo "2057"]
[PlyCount "59"]
[EventDate "2014.01.03"]
[EventRounds "9"]
[EventCountry "RUS"]

1. d4 Nf6 2. Nf3 e6 3. c4 c5 4. d5 b5 5. Bg5 bxc4 6. Nc3 Qa5 7. Bxf6 gxf6 8. e4
Ba6 9. Be2 Bh6 10. O-O O-O 11. Nd2 Bf4 12. Nxc4 Bxc4 13. Bxc4 Be5 14. Rc1 Na6
15. f4 Bd4+ 16. Kh1 Kh8 17. Qh5 Rg8 18. Qxf7 Rg7 19. Qh5 Rag8 20. dxe6 Qb4 21.
e7 Qxc4 22. e8=Q Rxg2 23. Ne2 Qxe2 24. Qxe2 Rxe2 25. Qxd7 Rgg2 26. Qh3 Rxh2+
27. Qxh2 Rxh2+ 28. Kxh2 Bxb2 29. Rb1 Bd4 30. Rfd1 1-0

[Event "Volga_2013"]
[Site "Ulyanovsk"]
[Date "2014.01.04"]
[Round "4"]
[White "Dobrocmyslov, Artem"]
[Black "Yakimkin, Igor"]
[Result "1/2-1/2"]
[WhiteElo "1929"]
[BlackElo "2242"]
[PlyCount "62"]
[EventDate "2014.01.03"]
[EventRounds "9"]
[EventCountry "RUS"]

1. d4 Nf6 2. Nc3 d5 3. Bg5 g6 4. Qd2 h6 5. Bxf6 exf6 6. O-O-O Bg7 7. e4 dxe4 8.
Nxe4 f5 9. Nc3 O-O 10. g3 Nd7 11. Bg2 Nf6 12. f4 a6 13. Nf3 Qd6 14. Ne5 Rb8 15.
Rhe1 b5 16. Nc6 Rb6 17. Ne7+ Kh7 18. Ncd5 Nxd5 19. Nxd5 Rb8 20. Qb4 Qd8 21. Qc5
Bb7 22. Re7 Rc8 23. Bh1 Bxd5 24. Bxd5 Bf6 25. Rxf7+ Rxf7 26. Bxf7 Qd7 27. Qd5
Rd8 28. Qxd7 Rxd7 29. Be6 Rxd4 30. c3 Rxd1+ 31. Kxd1 a5 1/2-1/2

[Event "Volga_2013"]
[Site "Ulyanovsk"]
[Date "2014.01.04"]
[Round "4"]
[White "Nikonova, Irina"]
[Black "Mirzaev, Aziz"]
[Result "0-1"]
[WhiteElo "1924"]
[BlackElo "2271"]
[PlyCount "186"]
[EventDate "2014.01.03"]
[EventRounds "9"]
[EventCountry "RUS"]

1. e4 c5 2. Nf3 d6 3. Bb5+ Nc6 4. d4 cxd4 5. Nxd4 Bd7 6. Nxc6 bxc6 7. Bc4 Nf6
8. Nc3 e5 9. O-O Be7 10. Qd3 h6 11. Bb3 Qc7 12. f3 Rd8 13. Be3 O-O 14. Rad1 Be6
15. Kh1 d5 16. exd5 cxd5 17. Bf2 e4 18. Qd4 a5 19. Qb6 Qxb6 20. Bxb6 Rb8 21.
Bd4 exf3 22. gxf3 Rfd8 23. Rg1 Kf8 24. Rd2 g5 25. Rgd1 Rdc8 26. Be5 Rb7 27. Bd4
Rd8 28. Be5 Rc8 29. Bd4 h5 30. Be3 g4 31. Rf1 gxf3 32. Rxf3 Ng4 33. Bd4 Bg5 34.
Re2 Rb4 35. Rxe6 Rxd4 36. h3 Kg7 37. Re2 Nf6 38. Rg2 Kh6 39. Rf5 Bh4 40. Ne2
Rd1+ 41. Kh2 Re8 42. c3 Rb1 43. Bc2 Rxb2 44. Nd4 Rg8 45. Rxf6+ Bxf6 46. Rxg8
Bxd4 47. cxd4 Rxc2+ 48. Kg3 Rc4 49. Ra8 a4 50. Kf4 Rxd4+ 51. Ke5 Rh4 52. Kf6
Rf4+ 53. Ke5 Rf3 54. h4 Ra3 55. Kf6 Kh7 56. Ra7 Rxa2 57. Rxf7+ Kh6 58. Rd7 Rf2+
59. Ke5 Rh2 60. Rd6+ Kg7 61. Rd7+ Kg6 62. Rd6+ Kf7 63. Rd7+ Ke8 64. Rxd5 Rxh4
65. Ra5 Kd7 66. Kd5 Kc7 67. Kc5 Rg4 68. Ra7+ Kb8 69. Rf7 h4 70. Kb6 Kc8 71. Kc6
Kd8 72. Kd6 Ke8 73. Rf3 Rg6+ 74. Ke5 Ra6 75. Ra3 Kd7 76. Kd5 Ra5+ 77. Kc4 Ke6
78. Kb4 Ra8 79. Re3+ Kf5 80. Ka3 Kg4 81. Re4+ Kg3 82. Re3+ Kg2 83. Re2+ Kf3 84.
Rc2 Rg8 85. Rc3+ Kg2 86. Rc2+ Kh1 87. Rc4 h3 88. Kxa4 h2 89. Rc2 Rg2 90. Rc1+
Rg1 91. Rc7 Ra1+ 92. Kb3 Kg2 93. Rc2+ Kg3 0-1

[Event "Volga_2013"]
[Site "Ulyanovsk"]
[Date "2014.01.04"]
[Round "4"]
[White "Parshakov, Vladimir"]
[Black "Beldyugin, Alexey"]
[Result "0-1"]
[WhiteElo "1918"]
[BlackElo "2111"]
[PlyCount "54"]
[EventDate "2014.01.03"]
[EventRounds "9"]
[EventCountry "RUS"]

1. e4 Nc6 2. d4 d5 3. e5 Bf5 4. c3 f6 5. f4 Qd7 6. Bd3 O-O-O 7. Nf3 g5 8. fxg5
fxe5 9. dxe5 Bg7 10. Bf4 d4 11. Nxd4 Bxd3 12. Qxd3 Nxe5 13. Bxe5 Bxe5 14. Qf5
Bxd4 15. Qxd7+ Rxd7 16. cxd4 h6 17. O-O hxg5 18. Rf8+ Rd8 19. Rxd8+ Kxd8 20.
Nc3 Nf6 21. Re1 Rh4 22. Re5 Rxd4 23. Rxg5 Rd2 24. b3 Rc2 25. Rg3 Rc1+ 26. Kf2
Rxc3 27. Rxc3 Ne4+ 0-1

[Event "Volga_2013"]
[Site "Ulyanovsk"]
[Date "2014.01.04"]
[Round "4"]
[White "Belokhlebov, Alexey"]
[Black "Samborskiy, Vadim"]
[Result "0-1"]
[WhiteElo "1893"]
[BlackElo "2049"]
[PlyCount "98"]
[EventDate "2014.01.03"]
[EventRounds "9"]
[EventCountry "RUS"]

1. d4 d5 2. Nf3 Nf6 3. Bf4 e6 4. e3 Bd6 5. Bxd6 Qxd6 6. Nbd2 Nbd7 7. c4 c5 8.
Be2 b6 9. O-O O-O 10. cxd5 exd5 11. b3 Bb7 12. Qc2 Rac8 13. Qb2 Ne4 14. Rac1
Rfe8 15. Rfd1 Qe7 16. Bb5 Nef6 17. Ne5 Nxe5 18. dxe5 Qxe5 19. Qxe5 Rxe5 20. Nf3
Re7 21. Bd3 g6 22. h3 Rd8 23. Bf1 Kg7 24. Bb5 Nd7 25. Rc2 Nf8 26. Rcd2 Kf6 27.
Kf1 Ne6 28. Bc4 Red7 29. Bb5 Rd6 30. e4 Ke7 31. e5 R6d7 32. Bxd7 Rxd7 33. h4 h6
34. Nh2 h5 35. Nf3 d4 36. Ng5 Nxg5 37. hxg5 Ke6 38. f4 Kf5 39. g3 Kg4 40. Kf2
h4 41. gxh4 Kxf4 42. Re1 Re7 43. Kg1 Kg3 44. Rh2 Bd5 45. Ree2 b5 46. Kf1 Bf3
47. Rd2 c4 48. bxc4 bxc4 49. Rhf2 d3 0-1

[Event "Volga_2013"]
[Site "Ulyanovsk"]
[Date "2014.01.04"]
[Round "4"]
[White "Chugunov, Vyacheslav"]
[Black "Shukurov, Eldar"]
[Result "1-0"]
[WhiteElo "1952"]
[BlackElo "1797"]
[PlyCount "138"]
[EventDate "2014.01.03"]
[EventRounds "9"]
[EventCountry "RUS"]

1. e4 c5 2. Nf3 Nc6 3. d4 cxd4 4. Nxd4 Nf6 5. Nc3 e6 6. Be2 a6 7. Nxc6 bxc6 8.
e5 Nd5 9. Ne4 Qa5+ 10. Bd2 Qb6 11. c4 Qxb2 12. cxd5 Qxe5 13. Ng5 Qxd5 14. O-O
Be7 15. Bf3 Qe5 16. Re1 Qc7 17. Qc2 h6 18. Ne4 d5 19. Ng3 c5 20. Bc3 O-O 21.
Nh5 Bd6 22. Bxg7 Bxh2+ 23. Kh1 Bb7 24. g3 Bxg3 25. Rg1 d4 26. Bxb7 Qxb7+ 27.
Rg2 Qf3 28. Bxf8 Qxh5+ 29. Kg1 Kxf8 30. Rxg3 Qe5 31. Qd2 Ke7 32. Re1 Qf6 33.
Re4 h5 34. Qa5 Rc8 35. Qxa6 Rc7 36. Qb6 Kd7 37. Qb5+ Kd6 38. Qd3 Qf5 39. Rf3
Qg5+ 40. Kf1 f5 41. Qa6+ Rc6 42. Rxe6+ Kxe6 43. Qxc6+ Ke5 44. Qxc5+ Ke4 45.
Qc6+ Ke5 46. Qe8+ Kd5 47. Qf7+ Ke4 48. Rg3 Qc1+ 49. Kg2 Qc6 50. Qe7+ Kf4+ 51.
Kh2 Qe4 52. Qd6+ Qe5 53. Rf3+ Ke4+ 54. Qxe5+ Kxe5 55. Rd3 Ke4 56. Rd2 d3 57. a4
Kd4 58. a5 Kc3 59. Rxd3+ Kxd3 60. a6 Ke2 61. Kg2 f4 62. f3 h4 63. a7 h3+ 64.
Kxh3 Kxf3 65. a8=Q+ Kf2 66. Qa3 f3 67. Kg4 Kg2 68. Qxf3+ Kh2 69. Qe2+ Kg1 1-0

[Event "Volga_2013"]
[Site "Ulyanovsk"]
[Date "2014.01.04"]
[Round "4"]
[White "Kolosov, Anatoly"]
[Black "Golubchikov, Alexey"]
[Result "1/2-1/2"]
[WhiteElo "1918"]
[BlackElo "1783"]
[PlyCount "89"]
[EventDate "2014.01.03"]
[EventRounds "9"]
[EventCountry "RUS"]

1. e4 c6 2. d4 d5 3. exd5 cxd5 4. Nf3 Bf5 5. c3 Nf6 6. Nbd2 Nc6 7. Bb5 Qb6 8.
a4 a6 9. Bxc6+ bxc6 10. Ne5 e6 11. O-O Be7 12. a5 Qb7 13. b4 O-O 14. Re1 Rfc8
15. Qe2 Ne4 16. Nxe4 Bxe4 17. f3 Bf5 18. g4 Bg6 19. Bf4 Bf6 20. Bg3 Bxe5 21.
Qxe5 Bd3 22. Re3 Bb5 23. Rae1 Qe7 24. f4 Qf6 25. g5 Qxe5 26. Rxe5 g6 27. h4 Kg7
28. h5 Rd8 29. Kf2 Rdc8 30. Rh1 Kf8 31. hxg6 hxg6 32. Rh7 Kg8 33. Rh6 Kg7 34.
f5 Rh8 35. Rxh8 Rxh8 36. fxe6 fxe6 37. Rxe6 Rf8+ 38. Ke3 Rf5 39. Bf4 Kf7 40.
Rd6 Ba4 41. Rd7+ Kg8 42. Ra7 Bb5 43. Kf3 Rf7 44. Ra8+ Rf8 45. Rxf8+ 1/2-1/2

[Event "Volga_2013"]
[Site "Ulyanovsk"]
[Date "2014.01.04"]
[Round "4"]
[White "Breskanu, Nikita"]
[Black "Makarenko, Vladimir"]
[Result "0-1"]
[WhiteElo "1585"]
[BlackElo "1905"]
[PlyCount "56"]
[EventDate "2014.01.03"]
[EventRounds "9"]
[EventCountry "RUS"]

1. d4 f5 2. e4 fxe4 3. Nc3 Nf6 4. Bg5 g6 5. Bxf6 exf6 6. Nxe4 Bg7 7. Nf3 O-O 8.
Be2 d5 9. Ng3 Nc6 10. c3 f5 11. Bd3 g5 12. Qc2 g4 13. Nd2 f4 14. Bxh7+ Kh8 15.
Ne2 f3 16. gxf3 gxf3 17. Nc1 Qe7+ 18. Kd1 Qh4 19. Bd3 Qxf2 20. Ndb3 Qh4 21. Bf1
Bf5 22. Bd3 Bg4 23. Nd2 Rae8 24. b4 Qh5 25. Nf1 f2+ 26. Be2 Qh3 27. Bxg4 Qxg4+
28. Ne2 Qg2 0-1

[Event "Volga_2013"]
[Site "Ulyanovsk"]
[Date "2014.01.04"]
[Round "4"]
[White "Agapchev, Andrey"]
[Black "Terentiev, Alexander"]
[Result "1/2-1/2"]
[WhiteElo "1678"]
[BlackElo "1854"]
[PlyCount "73"]
[EventDate "2014.01.03"]
[EventRounds "9"]
[EventCountry "RUS"]

1. c4 e5 2. Nc3 Nf6 3. g3 c6 4. e4 Na6 5. d3 Nc5 6. Bg2 Ne6 7. Nge2 Be7 8. O-O
d6 9. Kh1 O-O 10. f4 g6 11. Be3 Ng4 12. Bg1 Ng7 13. h3 Nh6 14. Qd2 exf4 15.
gxf4 f5 16. Rae1 Be6 17. b3 Bh4 18. Bf2 Bxf2 19. Rxf2 Qh4 20. Nd4 Bd7 21. Nf3
Qg3 22. e5 Ne6 23. exd6 Nxf4 24. Ne5 g5 25. Rg1 Nxg2 26. Rfxg2 Qxe5 27. Qxg5+
Kh8 28. Qxh6 Rg8 29. Rxg8+ Rxg8 30. Rxg8+ Kxg8 31. Qg5+ Kf7 32. Qh5+ Kg7 33.
Qg5+ Kf7 34. Ne4 c5 35. Qh5+ Kg7 36. Qg5+ Kf7 37. Qh5+ 1/2-1/2

[Event "Volga_2013"]
[Site "Ulyanovsk"]
[Date "2014.01.04"]
[Round "4"]
[White "Logunova, Elizaveta"]
[Black "Kharlampiev, Aleksander"]
[Result "0-1"]
[WhiteElo "1642"]
[BlackElo "1748"]
[PlyCount "66"]
[EventDate "2014.01.03"]
[EventRounds "9"]
[EventCountry "RUS"]

1. d4 c6 2. c4 d5 3. Nf3 Bf5 4. Nc3 h6 5. cxd5 cxd5 6. Qb3 Nf6 7. Qxb7 Nbd7 8.
Bf4 Qc8 9. Qxc8+ Rxc8 10. h3 e6 11. a3 Ne4 12. Rc1 g5 13. Bh2 Bxa3 14. bxa3
Rxc3 15. Rxc3 Nxc3 16. Bd6 f6 17. e3 Kf7 18. Ba6 Nb8 19. Bb7 Rd8 20. Bb4 Nb5
21. Ba5 Rd7 22. Bc8 Re7 23. O-O Nd6 24. Bb4 Nxc8 25. Bxe7 Kxe7 26. Rc1 Kd7 27.
Nd2 Nb6 28. Rc3 Nc6 29. Nb3 Nc4 30. Nc5+ Kd6 31. e4 Nxd4 32. Nb7+ Kc7 33. Kf1
Kxb7 0-1

[Event "Volga_2013"]
[Site "Ulyanovsk"]
[Date "2014.01.04"]
[Round "4"]
[White "Peruhin, Anatoliy"]
[Black "Schankin, Sergei"]
[Result "0-1"]
[WhiteElo "1609"]
[BlackElo "1682"]
[PlyCount "96"]
[EventDate "2014.01.03"]
[EventRounds "9"]
[EventCountry "RUS"]

1. b4 Nf6 2. Bb2 d5 3. b5 e6 4. e3 Bd6 5. a4 O-O 6. Nf3 c6 7. Nc3 Nbd7 8. Be2
Re8 9. O-O Qc7 10. d4 e5 11. dxe5 Nxe5 12. h3 Bf5 13. Nxe5 Bxe5 14. Bd3 Bg6 15.
Bxg6 hxg6 16. Qc1 Rac8 17. Ra2 Qa5 18. Qa1 Qc7 19. Ne2 Ne4 20. Bxe5 Rxe5 21.
bxc6 bxc6 22. c3 Rce8 23. a5 Nc5 24. Nd4 Nd7 25. Rb2 a6 26. Rfb1 Qd6 27. Nf3
Rh5 28. Rb7 Nc5 29. R7b6 Qf6 30. Nd4 Rc8 31. Qa2 Qg5 32. Kh2 Ne4 33. Qc2 c5 34.
Nf3 Qf5 35. R1b2 g5 36. Kg1 g4 37. hxg4 Qxg4 38. Ne1 Qh4 39. Kf1 Rf5 40. f3
Ng3+ 41. Kf2 Re8 42. Rb8 Rfe5 43. Rxe8+ Rxe8 44. Qd3 Nf5+ 45. Kf1 Nxe3+ 46. Kg1
Qxe1+ 47. Kh2 Qh4+ 48. Kg1 Ng4 0-1

[Event "Volga_2013"]
[Site "Ulyanovsk"]
[Date "2014.01.04"]
[Round "4"]
[White "Abdurahmanov, Afer"]
[Black "Privezentsev, Alexey S"]
[Result "1-0"]
[WhiteElo "1682"]
[BlackElo "1546"]
[PlyCount "29"]
[EventDate "2014.01.03"]
[EventRounds "9"]
[EventCountry "RUS"]

1. g3 d5 2. c4 e6 3. cxd5 exd5 4. Bg2 f5 5. Nf3 Nf6 6. Qb3 c6 7. O-O Bd6 8. d4
O-O 9. Ne5 Qc7 10. f4 Be6 11. Nd2 Nbd7 12. Ndf3 Ne4 13. Nxd7 Qxd7 14. Ne5 Rf6
15. Nxd7 1-0

[Event "Volga_2013"]
[Site "Ulyanovsk"]
[Date "2014.01.04"]
[Round "4"]
[White "Frolova, Marina"]
[Black "Sinicin, Vladimir"]
[Result "1/2-1/2"]
[WhiteElo "1601"]
[BlackElo "1675"]
[PlyCount "119"]
[EventDate "2014.01.03"]
[EventRounds "9"]
[EventCountry "RUS"]

1. c4 e6 2. Nc3 Bb4 3. g3 Bxc3 4. bxc3 c5 5. d4 Nf6 6. Bg2 d5 7. dxc5 Qa5 8.
Bd2 Qxc5 9. cxd5 Nxd5 10. Qb3 Nc6 11. Rb1 b6 12. Qb5 Qxb5 13. Rxb5 Ba6 14. Rb2
O-O 15. Nf3 Rac8 16. Nd4 Na5 17. Rc2 Nc4 18. O-O Nxd2 19. Rxd2 Rxc3 20. Bxd5
exd5 21. Nf5 Bc4 22. Ne7+ Kh8 23. Nxd5 Bxd5 24. Rxd5 Rc2 25. e3 Rxa2 26. Rfd1
g6 27. Rd7 Kg7 28. Rc7 h5 29. Rdd7 Ra4 30. Rxa7 Rxa7 31. Rxa7 Rb8 32. Kf1 Kf6
33. Ke2 Ke6 34. Kd3 b5 35. Ra3 Kd5 36. Rb3 f5 37. f3 Rb6 38. Kc3 Kc5 39. Kd3 b4
40. e4 Ra6 41. exf5 gxf5 42. Rb2 Ra3+ 43. Ke2 b3 44. Kd1 Kc4 45. Rd2 Ra1+ 46.
Ke2 Ra2 47. Ke3 Rxd2 48. Kxd2 b2 49. Kc2 Kd4 50. h3 Ke3 51. g4 Kf4 52. gxh5 Kg5
53. h6 Kxh6 54. f4 Kh5 55. Kxb2 Kh4 56. Kc3 Kxh3 57. Kd3 Kg4 58. Ke3 Kg3 59.
Ke2 Kxf4 60. Kf2 1/2-1/2

[Event "Volga_2013"]
[Site "Ulyanovsk"]
[Date "2014.01.05"]
[Round "5"]
[White "Dobrocmyslov, Artem"]
[Black "Ulanov, Alexandr"]
[Result "0-1"]
[WhiteElo "1929"]
[BlackElo "2415"]
[PlyCount "100"]
[EventDate "2014.01.03"]
[EventRounds "9"]
[EventCountry "RUS"]

1. Nf3 Nc6 2. e4 d5 3. exd5 Qxd5 4. Nc3 Qa5 5. d4 Bg4 6. Bc4 O-O-O 7. d5 e6 8.
Qe2 exd5 9. Bxd5 Rxd5 10. Qe8+ Rd8 11. Qxf7 Ne5 12. Qf4 Bd6 13. Nxe5 Qxe5+ 14.
Qxe5 Bxe5 15. Bd2 Nf6 16. f3 Bf5 17. O-O-O h5 18. g3 Rhe8 19. Rhe1 c6 20. Ne2
b6 21. Nf4 Bxf4 22. Bxf4 Rxd1+ 23. Rxd1 Re2 24. Rd2 Re1+ 25. Rd1 Rxd1+ 26. Kxd1
Nd5 27. Bd2 b5 28. c3 Bb1 29. a3 Bf5 30. b3 Kd7 31. Ke2 Bc2 32. c4 bxc4 33.
bxc4 Nb6 34. c5 Nc4 35. Bb4 Ke6 36. g4 hxg4 37. fxg4 Kd5 38. h4 a5 39. Bc3 g6
40. h5 gxh5 41. gxh5 Kxc5 42. h6 Kb5 43. Kf3 Nxa3 44. Kg4 a4 45. Kg5 Nc4 46.
Kf6 a3 47. Kg7 Ka4 48. h7 Bxh7 49. Kxh7 Kb3 50. Ba1 Nb2 0-1

[Event "Volga_2013"]
[Site "Ulyanovsk"]
[Date "2014.01.05"]
[Round "5"]
[White "Mirzaev, Aziz"]
[Black "Samborskiy, Vadim"]
[Result "1-0"]
[WhiteElo "2271"]
[BlackElo "2049"]
[PlyCount "51"]
[EventDate "2014.01.03"]
[EventRounds "9"]
[EventCountry "RUS"]

1. Nf3 c5 2. e4 Nc6 3. Bb5 a6 4. Bxc6 bxc6 5. O-O d6 6. h3 g6 7. d4 cxd4 8.
Qxd4 f6 9. Qc4 Bd7 10. Nc3 Bh6 11. Nd4 Bxc1 12. Raxc1 Qc8 13. f4 Nh6 14. e5 d5
15. Qc5 Nf5 16. exf6 O-O 17. fxe7 Re8 18. Rce1 Rb8 19. b3 Kf7 20. Re5 Nxd4 21.
Qxd4 Bf5 22. g4 Bxc2 23. f5 gxf5 24. Re2 Rg8 25. Rxc2 Kxe7 26. Nxd5+ 1-0

[Event "Volga_2013"]
[Site "Ulyanovsk"]
[Date "2014.01.05"]
[Round "5"]
[White "Yakimkin, Igor"]
[Black "Chugunov, Vyacheslav"]
[Result "1-0"]
[WhiteElo "2242"]
[BlackElo "1952"]
[PlyCount "83"]
[EventDate "2014.01.03"]
[EventRounds "9"]
[EventCountry "RUS"]

1. e4 c6 2. d4 d6 3. Nc3 Qc7 4. Be3 e5 5. Qd2 Be7 6. f3 Nf6 7. g4 h6 8. h4 Nfd7
9. Nge2 a6 10. a4 Nf8 11. a5 Nbd7 12. Ng3 exd4 13. Bxd4 Bf6 14. Nf5 Ne5 15. Be2
Bxf5 16. exf5 Ned7 17. Qe3+ Kd8 18. f4 Bxd4 19. Qxd4 f6 20. Bf3 d5 21. O-O Qd6
22. b4 Kc7 23. Rfe1 g6 24. Rad1 gxf5 25. gxf5 Rd8 26. Kh1 Kb8 27. Rd2 Rh7 28.
Rde2 Ka8 29. Re8 Rxe8 30. Rxe8+ Nb8 31. Na4 Nfd7 32. Re6 Qf8 33. Bh5 Qg7 34.
Bg6 Rh8 35. Qe3 Rd8 36. c3 Qf8 37. Re7 Rc8 38. Be8 Rxe8 39. Rxe8 Qg7 40. Nb6+
Nxb6 41. axb6 Qg4 42. Rxb8+ 1-0